Исследование деформации речных русел как фактора аварийности на нефтегазотранспортных системах Западной Сибири на примере реки Кия; Современные проблемы гидрогеологии, инженерной геологии и гидрогеоэкологии Евразии
| Parent link: | Современные проблемы гидрогеологии, инженерной геологии и гидрогеоэкологии Евразии.— 2015.— [С. 716-720] |
|---|---|
| Autor principal: | |
| Autor corporatiu: | |
| Altres autors: | |
| Sumari: | Заглавие с титульного экрана По данным гидрометрических наблюдений за период с 1955 по 1974 год,полученных на государственной сети наблюдений Российской Федеральной службы по гидрометеорологии и мониторингу окружающей среды, проведена оценка и долгосрочный прогноз русловых деформаций реки Кия при отсутствии данных наблюдений. Методика основана на определении параметров потока, при которых наблюдаются наибольшие деформации русла реки. Evaluation and long-term forecast of the river channel deformation Kiya is carried out in the absence of observations by standard data of hydrometric observations for the period from 1955 to 1974. Data collected at the state observing network of the Russian Federal Service for Hydrometeorology and Environmental Monitoring (Roshydromet). The technique is based on determination of flow parameters, at which the maximum river bed deformations are observed. |
| Idioma: | rus |
| Publicat: |
2015
|
| Col·lecció: | Молодежная школа |
| Matèries: | |
| Accés en línia: | http://earchive.tpu.ru/handle/11683/18356 http://www.lib.tpu.ru/fulltext/c/2015/C109/138.pdf |
| Format: | MixedMaterials Electrònic Capítol de llibre |
| KOHA link: | https://koha.lib.tpu.ru/cgi-bin/koha/opac-detail.pl?biblionumber=616275 |
MARC
| LEADER | 00000naa2a2200000 4500 | ||
|---|---|---|---|
| 001 | 616275 | ||
| 005 | 20231101132912.0 | ||
| 035 | |a (RuTPU)RU\TPU\conf\14513 | ||
| 035 | |a RU\TPU\conf\14512 | ||
| 090 | |a 616275 | ||
| 100 | |a 20151222d2015 k y0rusy50 ca | ||
| 101 | 0 | |a rus |d eng | |
| 102 | |a RU | ||
| 105 | |a y z 101zy | ||
| 135 | |a drcn ---uucaa | ||
| 181 | 0 | |a i | |
| 182 | 0 | |a b | |
| 200 | 1 | |a Исследование деформации речных русел как фактора аварийности на нефтегазотранспортных системах Западной Сибири на примере реки Кия |f Е. В. Иванова |g науч. рук. О. Г. Савичев | |
| 203 | |a Текст |c электронный | ||
| 225 | 1 | |a Молодежная школа | |
| 230 | |a 1 компьютерный файл (pdf; 871 Кб) | ||
| 300 | |a Заглавие с титульного экрана | ||
| 320 | |a [Библиогр.: с. 720 (6 назв.)] | ||
| 330 | |a По данным гидрометрических наблюдений за период с 1955 по 1974 год,полученных на государственной сети наблюдений Российской Федеральной службы по гидрометеорологии и мониторингу окружающей среды, проведена оценка и долгосрочный прогноз русловых деформаций реки Кия при отсутствии данных наблюдений. Методика основана на определении параметров потока, при которых наблюдаются наибольшие деформации русла реки. | ||
| 330 | |a Evaluation and long-term forecast of the river channel deformation Kiya is carried out in the absence of observations by standard data of hydrometric observations for the period from 1955 to 1974. Data collected at the state observing network of the Russian Federal Service for Hydrometeorology and Environmental Monitoring (Roshydromet). The technique is based on determination of flow parameters, at which the maximum river bed deformations are observed. | ||
| 337 | |a Adobe Reader | ||
| 463 | 0 | |0 (RuTPU)RU\TPU\conf\14280 |t Современные проблемы гидрогеологии, инженерной геологии и гидрогеоэкологии Евразии |o материалы Всероссийской конференции с международным участием, г. Томск, 23−27 ноября 2015 г. |f Национальный исследовательский Томский политехнический университет (ТПУ) ; под ред. А. Ю. Дмитриева |v [С. 716-720] |d 2015 | |
| 610 | 1 | |a труды учёных ТПУ | |
| 610 | 1 | |a электронный ресурс | |
| 610 | 1 | |a деформации | |
| 610 | 1 | |a речные русла | |
| 610 | 1 | |a аварийность | |
| 610 | 1 | |a нефтегазотранспортные системы | |
| 610 | 1 | |a Западная Сибирь | |
| 610 | 1 | |a реки | |
| 700 | 1 | |a Иванова |b Е. В. | |
| 702 | 1 | |a Савичев |b О. Г. |c геолог |c профессор Томского политехнического университета, доктор географических наук |f 1967- |g Олег Геннадьевич |2 stltpush |4 727 | |
| 712 | 0 | 2 | |a Национальный исследовательский Томский политехнический университет (ТПУ) |b Институт природных ресурсов (ИПР) |b Кафедра гидрогеологии, инженерной геологии и гидрогеоэкологии (ГИГЭ) |h 100 |2 stltpush |3 (RuTPU)RU\TPU\col\18664 |
| 801 | 2 | |a RU |b 63413507 |c 20210224 |g RCR | |
| 856 | 4 | |u http://earchive.tpu.ru/handle/11683/18356 | |
| 856 | 4 | |u http://www.lib.tpu.ru/fulltext/c/2015/C109/138.pdf | |
| 942 | |c BK | ||